The watchmaker's daughter / (Record no. 19)

MARC details
000 -LEADER
fixed length control field 01805cam a2200349Ia 4500
001 - CONTROL NUMBER
control field 813165364
003 - CONTROL NUMBER IDENTIFIER
control field OCoLC
005 - DATE AND TIME OF LATEST TRANSACTION
control field 20140404145915.0
008 - FIXED-LENGTH DATA ELEMENTS--GENERAL INFORMATION
fixed length control field 121016s2012 nyu 000 0deng d
010 ## - LIBRARY OF CONGRESS CONTROL NUMBER
LC control number 2012947484
020 ## - INTERNATIONAL STANDARD BOOK NUMBER
International Standard Book Number 097556188X (sc)
020 ## - INTERNATIONAL STANDARD BOOK NUMBER
International Standard Book Number 9780975561881 (sc)
035 ## - SYSTEM CONTROL NUMBER
System control number (OCoLC)813165364
Canceled/invalid control number (OCoLC)781678691
040 ## - CATALOGING SOURCE
Original cataloging agency BKL
Transcribing agency BKL
Modifying agency CO2
-- BTCTA
-- BDX
-- B@L
-- OCLCO
-- YDXCP
-- NVC
-- SO$
-- SX@
049 ## - LOCAL HOLDINGS (OCLC)
Holding library SX@A
082 04 - DEWEY DECIMAL CLASSIFICATION NUMBER
Classification number 813.6
Edition number 23
082 #4 - DEWEY DECIMAL CLASSIFICATION NUMBER
Classification number B
099 ## - LOCAL FREE-TEXT CALL NUMBER (OCLC)
Classification number Taitz, S. 2012
100 1# - MAIN ENTRY--PERSONAL NAME
Personal name Taitz, Sonia.
245 14 - TITLE STATEMENT
Title The watchmaker's daughter /
Statement of responsibility, etc Sonia Taitz.
250 ## - EDITION STATEMENT
Edition statement 1st ed.
260 ## - PUBLICATION, DISTRIBUTION, ETC. (IMPRINT)
Place of publication, distribution, etc New York, NY :
Name of publisher, distributor, etc McWitty Press,
Date of publication, distribution, etc 2012.
300 ## - PHYSICAL DESCRIPTION
Extent 246 p. ;
Dimensions 21 cm.
520 ## - SUMMARY, ETC.
Summary, etc The Watchmaker's Daughter tells the story of a child of two refugees: a watchmaker who saved lives within Dachau prison, and his wife, a gifted concert pianist about to make her debut when the Nazis seized power. In this memoir, Sonia Taitz is born into a world in which the Holocaust is discussed constantly by her insular concentration camp-surviving parents. This legacy, combined with Sonia's passion and intelligence, leads the author to forge an adventurous life in which she seeks to heal both her parents and herself through travel, achievement, and a daring love affair. Ironically, it is her marriage to a non-Jew that brings her parents the peace and fulfillment they would never have imagined possible. Sonia manages to combine her own independence with a tender dutifulness, honoring her parents' legacy while forging a new family of her own.
590 ## - LOCAL NOTE (RLIN)
Local note biog01/13.
600 10 - SUBJECT ADDED ENTRY--PERSONAL NAME
Personal name Taitz, Sonia.
650 #0 - SUBJECT ADDED ENTRY--TOPICAL TERM
Topical term or geographic name as entry element Authors, American
Form subdivision Biography.
650 #0 - SUBJECT ADDED ENTRY--TOPICAL TERM
Topical term or geographic name as entry element Children of Holocaust survivors.
650 #0 - SUBJECT ADDED ENTRY--TOPICAL TERM
Topical term or geographic name as entry element Jewish authors
Form subdivision Biography.
907 ## - LOCAL DATA ELEMENT G, LDG (RLIN)
a .b15395285
942 ## - ADDED ENTRY ELEMENTS (KOHA)
Source of classification or shelving scheme Dewey Decimal Classification
Item type Libro/Book

No items available.

Powered by Koha